| 000 | 01134cam a2200205 4500 | ||
|---|---|---|---|
| 001 | WB3935-14 | ||
| 008 | 030916n2003 000 0 eng u | ||
| 035 | _a(Sirsi) u123611 | ||
| 245 | _a£3.6m to target local road potholes | ||
| 260 | _c2003 | ||
| 490 |
_aDfT News Release _v(2003/0110) 12 September 2003 (2) |
||
| 520 | _aGovernment is providing £3.6m to help target potholes on local roads. The money will be used to fund a new research programme to adapt the TRACS vehicle, currently used by the Highways Agency to measure road conditions on motorways and trunk roads, for use on local roads by local authorities. The TRACS vehicle allows road service data to be collected safely, efficiently and without disrupting traffic. Government aims to halt the decline in local road conditions by 2004 and to eliminate the backlog in local road maintenance by 2011. DfT Press release http://www.dft.gov.uk/pns/DisplayPN.cgi?pn_id=2003_0110 | ||
| 590 | _aWB | ||
| 650 | _aROAD MAINTENANCE | ||
| 650 | _aLOCAL AUTHORITIES | ||
| 650 | _aTRACS | ||
| 650 | _aROAD SURFACES | ||
| 690 | _aTRANSPORT AND COMMUNICATIONS | ||
| 942 | _n0 | ||
| 999 |
_c73408 _d73408 |
||